000 00429nam a2200181Ia 4500
001 4642
005 20260306145811.0
008 260306t2000||||xx |||||||||||||| ||spa||
041 _aESP
082 _a328.385
_bS21
100 _aSandoval Aguirre, Oswaldo
_eAUT
245 0 _aCongreso y gestión externa
260 _c2000
300 _a475 páginas :
_c25 cm.
650 _aGEN
654 _aCDE
942 _cLIB
_dJUS
_fJUS
_2ddc
_n
999 _c4642
_d4642